000
00312 a2200133 4500
000
nam a22 7a 4500
100
_a
Dharamvir
110
_a
Dharamvir
245
_a
Fundamentals of Ayurveda and Yoga Therapy
250
_a
latest edition
260
_b
Oxford
_c
2025
264
_b
Oxford
_c
2025
942
_c
BK
999
_c
396238
_d
396238